LEADER 01184nam--2200385---450- 001 990003645660203316 005 20120329140934.0 010 $a978-88-428-1653-9 035 $a000364566 035 $aUSA01000364566 035 $a(ALEPH)000364566USA01 035 $a000364566 100 $a20120329d2011----km-y0itay50------ba 101 $aita 102 $aIT 105 $a||||||||001yy 200 1 $aFestival e funerali$edai costumi ai malcostumi: una storia italiana$fNatalia Aspesi$ga cura di Andrea Gentile e Aurelio Pino 210 $aMilano$cIl Saggiatore$d2011 215 $a453 p.$d22 cm 225 2 $a<> cultura$v750 410 0$12001$a<> cultura$v750 606 0 $aSocietà$yItalia$z1960-2010$2BNCF 676 $a390.0945 700 1$aASPESI,$bNatalia$0173474 702 1$aGENTILE,$bAndrea$f<1985- > 702 1$aPINO,$bAurelio 801 0$aIT$bsalbc$gISBD 912 $a990003645660203316 951 $aII.5. 7083$b234214 L.M.$cII.5.$d00308958 959 $aBK 969 $aUMA 979 $aMARTUCCIEL$b90$c20120329$lUSA01$h1405 979 $aMARTUCCIEL$b90$c20120329$lUSA01$h1409 996 $aFestival e funerali$91137996 997 $aUNISA LEADER 01557nam 2200373Ia 450 001 9910701453203321 005 20120307081703.0 035 $a(CKB)5470000002418546 035 $a(OCoLC)779470392 035 $a(EXLCZ)995470000002418546 100 $a20120307d2011 ua 0 101 0 $aeng 135 $aurmn||||||||| 181 $ctxt$2rdacontent 182 $cc$2rdamedia 183 $acr$2rdacarrier 200 00$aProgress in materials synthesis and processing of barium titanium oxide (BaTiO3) and barium strontium titanium oxide (BaTiSrO3) films for uncooled infrared (IR) detector applications$b[electronic resource] /$fWendy L. Sarney ... [and others] 210 1$aAdelphi, MD :$cArmy Research Laboratory,$d[2011] 215 $a1 online resource (vi, 20 pages) $cillustrations (some color) 225 1 $aARL-TR ;$v5853 300 $aTitle from title screen (viewed on Mar. 7, 2012). 300 $a"December 2011." 320 $aIncludes bibliographical references (page 16). 517 $aProgress in materials synthesis and processing of barium titanium oxide 606 $aInfrared detectors 615 0$aInfrared detectors. 701 $aSarney$b Wendy L$01385934 712 02$aU.S. Army Research Laboratory. 801 0$bGPO 801 1$bGPO 906 $aBOOK 912 $a9910701453203321 996 $aProgress in materials synthesis and processing of barium titanium oxide (BaTiO3) and barium strontium titanium oxide (BaTiSrO3) films for uncooled infrared (IR) detector applications$93509863 997 $aUNINA LEADER 01738oam 2200493I 450 001 9910709658703321 005 20180601084930.0 035 $a(CKB)5470000002471649 035 $a(OCoLC)1038274718 035 $a(OCoLC)995470000002471649 035 $a(EXLCZ)995470000002471649 100 $a20180601d1983 ua 0 101 0 $aeng 135 $aur||||||||||| 181 $ctxt$2rdacontent 182 $cc$2rdamedia 183 $acr$2rdacarrier 200 10$aDevelopment and marketing of a prosthetic urinary control valve system $efinal report / John B. Tenney [and three others] 210 1$aMarshall Space Flight Center, Alabama :$cGeorge C. Marshall Space Flight Center,$d[1983?] 215 $a1 online resource (various pagings) $cillustrations 225 1 $aNASA/CR ;$v170994 300 $a"Period of performance: January 1978-December 1983." 320 $aIncludes bibliographical references (pages 21-1-21-7). 517 $aDevelopment and marketing of a prosthetic urinary control valve system 606 $aProsthetic devices$2nasat 606 $aMarketing$2nasat 606 $aPressure effects$2nasat 606 $aImplantation$2nasat 606 $aPrototypes$2nasat 615 7$aProsthetic devices. 615 7$aMarketing. 615 7$aPressure effects. 615 7$aImplantation. 615 7$aPrototypes. 700 $aTenney$b John B.$01402640 712 02$aGeorge C. Marshall Space Flight Center, 712 02$aRochester General Hospital (Rochester, N.Y.) 801 0$bGPO 801 1$bGPO 801 2$bGPO 906 $aBOOK 912 $a9910709658703321 996 $aDevelopment and marketing of a prosthetic urinary control valve system$93473574 997 $aUNINA